书目信息 |
| 题名: |
星河
|
|
| 作者: | 骆寒超 , 黄纪云 主编 | |
| 分册: | 第一辑 | |
| 出版信息: | 北京 人民文学出版社 2009.08 |
|
| 页数: | 235页 | |
| 开本: | 26cm | |
| 丛书名: | ||
| 单 册: | ||
| 中图分类: | I227 | |
| 科图分类: | ||
| 主题词: | 新诗--文学评论--中国--现代 , 新诗--中国--现代--选集 | |
| 电子资源: | ||
| ISBN: | 978-7-02-007483-9 | |
| 000 | 00816nam0 2200265 450 | |
| 001 | 004446937 | |
| 005 | 20100816173400.95 | |
| 010 | @a978-7-02-007483-9@dCNY26.00 | |
| 090 | @aI227@blhc | |
| 100 | @a20100515d2009 em y0chiy50 ea | |
| 101 | 0 | @achi |
| 102 | @aCN@b110000 | |
| 105 | @ay z 000gy | |
| 200 | 1 | @a星河@Axing he@h第一辑@f骆寒超,黄纪云主编@Fluo han chao,huang ji yun zhu bian |
| 210 | @a北京@c人民文学出版社@d2009.08 | |
| 215 | @a235页@d26cm | |
| 300 | @a大型新诗丛刊 | |
| 330 | @a本书共分为六章,主要有星河浮雕,星河组曲,群星灿烂,诗学新探,诗人专论,历史回顾。 | |
| 606 | 0 | @a新诗@x文学评论@y中国@z现代 |
| 606 | 0 | @a新诗@y中国@z现代@j选集 |
| 690 | @aI227@v4 | |
| 701 | 0 | @a骆寒超@Aluo han chao@4主编 |
| 701 | 0 | @a黄纪云@Ahuang ji yun@4主编 |
| 801 | @c20100515 | |
| 905 | @dI227@eL990:1@f5 | |
| 星河.第一辑/骆寒超,黄纪云主编.-北京:人民文学出版社,2009.08 |
| 235页;26cm |
| 大型新诗丛刊 |
| ISBN 978-7-02-007483-9:CNY26.00 |
| 本书共分为六章,主要有星河浮雕,星河组曲,群星灿烂,诗学新探,诗人专论,历史回顾。 |
| ● |
| 相关链接 |
|
|
|
正题名:星河
索取号:I227/L990:1
 
预约/预借
| 序号 | 登录号 | 条形码 | 馆藏地/架位号 | 状态 | 备注 |
| 1 | 1031014 | 210310144 | 文学库108/108文学库 18排7列3层/ [索取号:I227/L990:1] | 在馆 | |
| 2 | 1031015 | 210310153 | 文学库108/108文学库 18排7列3层/ [索取号:I227/L990:1] | 在馆 | |
| 3 | 1031016 | 210310162 | 社科二线400B/400B社科库 13排1列5层/ [索取号:I227/L990:1] | 在馆 | |
| 4 | 1031017 | 210310171 | 社科二线400B/400B社科库 13排1列5层/ [索取号:I227/L990:1] | 在馆 | |
| 5 | 1031018 | 210310180 | 文学库108/108文学库 18排7列3层/ [索取号:I227/L990:1] | 在馆 |